Countries with most museums - Statistics

General Stats
  • This quiz has been taken 100 times
  • The average score is 18 of 20
Answer Stats
# Country % Correct
4 China 5.535
99%
1 United States 33.082
99%
6 France 4.811
98%
8 Italy 3.195
98%
2 Germany 6.741
97%
11 Spain 1.732
96%
9 United Kingdom 3.183
96%
3 Japan 5.738
94%
7 Brazil 3.906
92%
10 Canada 2.245
91%
5 Russia 5.415
91%
14 Mexico 1.320
88%
15 Poland 1.233
88%
19 Australia 919
87%
12 Sweden 1.600
86%
16 Argentina 1.183
81%
18 South Korea 1.102
81%
20 Belgium 912
72%
17 Switzerland 1.129
70%
13 Thailand 1.526
59%
No matching quizzes found
Score Distribution
Percent of People with Each Score
Percentile by Number Answered
Your Score History
You have not taken this quiz